000 00554nam a2200181 i 4500
001 142628
003 ES-MaACL
005 20230906200558.0
007 t|
008 071009s1962 sp ||||1| spa d
080 _a616.33-002(04)
100 1 _aVilardell, Francisco.
_9114812
245 1 0 _aEnfermedades difusas del estómago /
_cFrancisco Vilardell.
260 _aBarcelona :
_bEdit. Científico Médica,
_c1962.
300 _a179 p. :
_bil. ;
_c23 cm.
650 1 4 _aAparato digestivo-
_xEnfermedades.
_99906
852 _aES-MaACL
_jC-22451
_bR.51037
999 _c142628
_d142628